| 000 | 01137pam a2200277 a 4500 | ||
|---|---|---|---|
| 001 | 2422686 | ||
| 005 | 20060726215622.0 | ||
| 008 | 870908s1988 enk b 001 0 eng | ||
| 010 | _a 87024821 | ||
| 020 |
_a0198275447 : _c22.50 |
||
| 040 |
_aDLC _cDLC _dDLC |
||
| 050 | 0 | 0 |
_aJX1977 _b.U448 1988 |
| 082 | 0 | 0 |
_a341.23 _219 _bROC |
| 245 | 0 | 0 |
_aUnited Nations, divided world : _bthe UN's roles in international relations / _cedited by Adam Roberts and Benedict Kingsbury. |
| 260 |
_aOxford : _bClarendon Press ; _aNew York : _bOxford University Press, _c1984. |
||
| 300 |
_axii, 152p. ; _c23 cm. |
||
| 500 | _aDonated By Alaa AbdEl Ghany | ||
| 504 | _aBibliography: p. [274]-278. | ||
| 610 | 2 | 0 |
_aUnited Nations. _99685 |
| 650 | 0 |
_aInternational relations. _99686 |
|
| 700 | 1 |
_aRoberts, Adam, _d1940- _99687 |
|
| 700 | 1 |
_aKingsbury, Benedict. _99688 |
|
| 856 | 4 | 2 |
_3Publisher description _uhttp://www.loc.gov/catdir/enhancements/fy0636/87024821-d.html |
| 942 |
_2ddc _cBB |
||
| 999 |
_c12992 _d12992 |
||